Statistics for Guess the NHL Team by Stadium

Click here to take the quiz!

General Stats

  • This quiz has been taken 173 times
  • The average score is 19 of 32

Answer Stats

Answer% Correct
Los Angeles Kings
90%
Detroit Red Wings
86%
Boston Bruins
82%
Florida Panthers
79%
Montreal Canadiens
79%
Seattle Kraken
79%
Ottawa Senators
78%
Chicago Blackhawks
72%
Anaheim Ducks
71%
Calgary Flames
70%
Vegas Golden Knights
70%
New York Rangers
64%
Toronto Maple Leafs
64%
Vancouver Canucks
64%
Philadelphia Flyers
59%
Edmonton Oilers
57%
Washington Capitals
57%
Arizona Coyotes
54%
Nashville Predators
52%
Minnesota Wild
51%
Pittsburgh Penguins
49%
New Jersey Devils
47%
Buffalo Sabres
46%
San Jose Sharks
46%
Dallas Stars
45%
Colorado Avalanche
41%
Carolina Hurricanes
39%
St Louis Blues
39%
Tampa Bay Lightning
38%
New York Islanders
36%
Winnipeg Jets
36%
Columbus Blue Jackets
33%

Score Distribution

Percentile by Number Answered

Percent of People with Each Score

Your Score History

You have not taken this quiz